000 00899nam a2200217Ia 4500
003 OSt
005 20241028111250.0
007 ca aa aaaaa
008 201103s9999 xx 000 0 und d
040 _cSSBUL
041 _abur
082 _223
_a၂၉၄.၃၄၄၃၅ က
_b၉၃၁၅ S-SAT
100 0 _aကဝိသာရ၊ အရှင်(စာချဓမ္မာစရိယ)။
_917407
245 1 0 _aဘာဝနာငါးဖြာရှုဖွယ်ရာ /
_cအရှင်ကဝိသာရ(စာချဓမ္မာစရိယ)။
260 _aရန်ကုန် ၊
_bဇွဲစာပုံနှိပ်တိုက်၊
_c၁၉၈၅။
300 _aဂ၊ ၇၀ စာမျက်နှာ ၊
_c၁၈ စင်တီ။
500 _aS-SAT: Dr. Sai Aung Tun
650 _aဘာဝနာ
_954635
650 _aဝိပဿနာ
942 _2ddc
_cBK1
999 _c16834
_d16834